Nalaganje...
Administration of the small public library
| Glavni avtor: | |
|---|---|
| Format: | Printed Book |
| Izdano: |
Chicago
American library association
1965
|
| LEADER | 00512nam a2200157 4500 | ||
|---|---|---|---|
| 020 | |c Rs | ||
| 082 | |a 025.1974 SIN/ADM | ||
| 100 | |a Public Library Association | ||
| 245 | |a Administration of the small public library |c Public Library Association | ||
| 250 | |||
| 260 | |a Chicago |b American library association |c 1965 | ||
| 500 | |||
| 700 | |||
| 942 | |c BK | ||
| 999 | |c 206151 |d 206151 | ||
| 952 | |0 0 |1 0 |4 0 |6 025_197400000000000_SIN_ADM |7 0 |9 219500 |a DLS |b DLS |d 2019-11-05 |g 0.00 |l 0 |o 025.1974 SIN/ADM |p DLS240 |r 2019-11-05 |w 2019-11-05 |y BK | ||